000 00974nam a2200265Ia 4500
003 OSt
005 20220923211438.0
006 a|||||r|||| 00| 0
007 ta
008 220922b |||||||| |||| 00| 0 hin d
020 _a9789350007051 (hbk)
_c200
024 _a274,356
037 _b99, 05/09/2013, Vani Prakashan
_cTextual
040 _aARTS
_cARTS
_bhin
041 _2hin
_ahin
082 _aO152,1N41x, Q1
100 _aवाजपेयी, अशोक
_9156275
245 0 _aपचास कविताएॅं
_b नयी सदी के लिए चयन
246 _aPachās kavitāeॅan: nayī sadī ke lie chayana
260 _aदिल्ली
_b वाणी प्रकाशन
_c2011
300 _a102पृ.
_ccm.
650 _aहिन्दी साहित्य
_9156264
942 _hO152,1N41x, Q1
_cTEXL
_2CC
999 _c299615
_d299615